000 00354 a2200157 4500
001 151964
040 _cEscola São Tomás de Aquino
100 _aJOSÈ, Ganimédes
240 1 0 _aA ladeira da saudade
_lpor
245 1 0 _aA ladeira da saudade
300 _a200
362 0 _a2002
440 1 _aModerna
697 _a*LITERATURA JUVENIL
942 _cBK
999 _c151964
_d151964